Powiaty województwa bydgoskiego w 1968 roku na mapie - Statystyki

Ogólne statystyki
  • Ten quiz został rozwiązany 18 razy
    9 od ostatniego zresetowania
  • Średni wynik to 21 z 26
Odpowiedzi na mapie
Odpowiedzi zakodowano w zielono-czerwonej skali na mapie do tego quizu, zgodnie z poniższymi procentami.
 
Statystyki odpowiedzi
Powiat % Poprawnych
Miasto {Bydgoszcz}
100%
Miasto {Toruń}
100%
bydgoski
89%
grudziądzki
89%
inowrocławski
89%
Miasto {Grudziądz}
89%
Miasto {Inowrocław}
89%
Miasto {Włocławek}
89%
sępoleński
89%
toruński
89%
włocławski
89%
żninski
89%
aleksandrowski
78%
brodnicki
78%
chełmiński
78%
golubsko-dobrzyński
78%
mogileński
78%
radziejowski
78%
rypiński
78%
świecki
78%
tucholski
78%
wąbrzeski
78%
chojnicki
67%
lipnowski
67%
szubiński
67%
wyrzyski
56%
Nie znaleziono quizów pasujących do podanych kryteriów
Rozkład punktacji
Procent ludzi z każdym wynikiem
Percentyl według liczby udzielonych odpowiedzi
Twoja historia wyników
Nie rozwiązałeś tego quizu od ostatniego zresetowania